Techniques of Autoradiography.

Uložené v:
Podrobná bibliografia
Hlavný autor: Rogers, Andrew W.
Médium: Kniha
Jazyk:English
Vydané: Amsterdam ;London ;New York : Scientific Publishing Company, 1973.
Vydanie:2. revised and amplified edition
Fyzický popis: 372 strán.
Tagy: Pridať tag
Žiadne tagy, Buďte prvý kto otaguje tento záznam!

MARC

LEADER 00000nam a22000002i 4500
001 000673003
005 20211206093446.0
008 211206s1973 ne e 000 0 eng d
020 |c Kčs 580,00  |q (viazané) 
040 |a SVKKK  |b slo  |c SVKKK  |e rda 
100 1 |a Rogers, Andrew W. 
245 1 0 |a Techniques of Autoradiography. 
250 |a 2. revised and amplified edition 
264 1 |a Amsterdam ;London ;New York :  |b Scientific Publishing Company,  |c 1973. 
300 |a 372 strán. 
336 |a text  |b txt  |2 rdacontent 
337 |a bez média  |b n  |2 rdamedia 
338 |a zväzok  |b nc  |2 rdacarrier 
500 |a Záznam revízie 
910 |a svkkk 
998 |a BK 
090 |g SCKHL  |k Sklad Pribinova 2. posch.  |a III.107193  |j 523355  |i 2720687132  |s Absenčne